Профессиональное образование - приоритеты за личностью; Профессиональное образование. Столица; № 1

Dettagli Bibliografici
Parent link:Профессиональное образование. Столица: научный журнал.— , 1997-
№ 1.— 2005.— C. 19
Autore principale: Иванкина Л. И. Любовь Ивановна
Riassunto:В фонде НТБ ТПУ отсутствует
Lingua:russo
Pubblicazione: 2005
Soggetti:
Natura: Capitolo di libro
KOHA link:https://koha.lib.tpu.ru/cgi-bin/koha/opac-detail.pl?biblionumber=598492

MARC

LEADER 00000naa0a2200000 4500
001 598492
005 20250325105231.0
035 |a (RuTPU)RU\TPU\tpu\22140 
090 |a 598492 
100 |a 20121203d2005 k||y0rusy50 ca 
101 0 |a rus 
102 |a RU 
200 1 |a Профессиональное образование - приоритеты за личностью  |f Л. И. Иванкина 
333 |a В фонде НТБ ТПУ отсутствует 
461 |t Профессиональное образование. Столица  |o научный журнал  |d 1997- 
463 |t № 1  |v C. 19  |d 2005 
610 1 |a труды учёных ТПУ 
700 1 |a Иванкина  |b Л. И.  |c специалист в области философии, социологии и психологии образования  |c профессор Томского политехнического университета, доктор философских наук  |f 1956-  |g Любовь Ивановна  |3 (RuTPU)RU\TPU\pers\25426 
801 1 |a RU  |b 63413507  |c 20121203 
801 2 |a RU  |b 63413507  |c 20130313  |g RCR 
942 |c CR